|
|
|
|
| LEADER |
00802ncm a22002532a 4500 |
| 001 |
000223888 |
| 003 |
CZ BrMZK |
| 005 |
20120723102123.0 |
| 007 |
qu |
| 008 |
960101s1919 xr f cze d |
| 040 |
|
|
|a BOA001
|b cze
|
| 072 |
|
7 |
|a 784
|x Vokální hudba
|2 Konspekt
|9 9
|
| 100 |
1 |
|
|a Červený, Jiří,
|d 1887-1962
|7 jk01021705
|4 cmp
|
| 245 |
1 |
0 |
|a Chanson o císařovně Eugenii
|h [hudebnina] /
|c Jiří Červený ; (Eduard Bass)
|
| 260 |
|
|
|a Praha :
|b Springer,
|c 1919
|
| 300 |
|
|
|a 5 s.
|
| 490 |
1 |
|
|a Syrinx ;
|v č. 60
|
| 500 |
|
|
|a Zpěv a klavír
|
| 700 |
1 |
|
|a Bass, Eduard,
|d 1888-1946
|7 jk01011066
|4 lyr
|
| 830 |
|
0 |
|a Syrinx
|
| 910 |
|
|
|a BOA001
|b Mus4-0600.543
|
| 990 |
|
|
|a MU
|
| 991 |
|
|
|b 201207
|
| 996 |
6 |
|
|b 2619890415
|c Mus4-0600.543
|l MZK
|r Sklad / do 1 hodiny
|n 1
|w 000223888
|u 000010
|a 1
|e BOA001
|j MZK50
|s P
|